[Event "Canadian Zonal (w)"]
[Site "Toronto"]
[Date "2024.04.01"]
[Round "8"]
[White "Ouellet, Maili-Jade"]
[Black "Pham, Bich Ngoc"]
[Result "1/2-1/2"]
[Annotator "Maili-Jade Ouellet"]
[WhiteElo "2267"]
[BlackElo "2206"]
[WhiteFideId "-1"]
[BlackFideId "-1"]
[PlyCount "140"]
[GameId "2131543500027486"]
[EventDate "2024.??.??"]
[EventCountry "CAN"]
[SourceTitle "Chess Canada 25"]
[Source "JohnUpper?CFC"]
[SourceDate "2025.06.29"]
[SourceVersion "1"]
[SourceVersionDate "2026.07.01"]
[SourceQuality "1"]

{This was Round 8 of the Canadian Zonal. I was leading the tournament with a score of 6/7, while two players trailed closely with 5.5/7, and Penny had 5/7. The stakes were high, as this game was crucial for retaining my title, qualifying for the Olympiad, and securing a spot in the Women's World Cup.} 1. d4 Nf6 2. c4 c5 3. d5 b5 {[#] Penny chose a dynamic opening, as expected. Given the tournament standings, my preparation before the round had heavily focused on reviewing these types of lines (such as the Benko, Dutch, and possibly the King's Indian Defense), anticipating her need to play for a win.} 4. cxb5 a6 5. e3 {[#] This was a line I had in my files for quite some time but had never had the opportunity to play over the board, which caught my opponent by surprise. The idea behind 5.e3 is to delay resolving the queenside structure. The plan usually involves playing c3, a4, and eventually e4. The kingside knight can go to f3 or e2, depending on Black's development. In the current position, Black's queenside remains undeveloped, which highlights the advantage of delaying the exchange of a/b pawns, even at the cost of a tempo (e2-e3 followed by e3-e4).} g6 6. Nc3 Bg7 7. a4 O-O 8. e4 e6 {[#]} 9. dxe6 $5 {Although this is a decent move, it is an inaccuracy as:} (9. e5 $1 {is much stronger. Unfortunately, due to a lack of experience in the line, I forgot what the best continuation was and did not play it.} Nxd5 (9... Ne8 10. Nf3 Bb7 11. Bc4 {White is up a pawn, while Black's pieces are undeveloped and lack space.}) 10. Nxd5 exd5 11. Qxd5 Ra7 12. Nf3 $16 {threatening to take on c5 with a good game for White.}) 9... fxe6 {last book move} 10. e5 Nh5 11. Nf3 Bb7 12. Be2 axb5 13. Nxb5 Nc6 14. Nd6 Ba6 $6 {[#]} (14... Qb6 {followed by ...f4 was best.}) 15. Bg5 {After considerable thought, I chose this move, as it appeared to be a natural continuation, developing with tempo. However, I failed to foresee that it would lead to a relatively forced sequence, resulting in the loss of my extra pawn and a slightly inferior position. From that point onward, I felt uncomfortable, as I struggled to find optimal placement for my pieces while maintaining any realistic winning chances.} (15. Bxa6 $142 Rxa6 16. Nc4 {would have allowed me to solidify the center and achieve a better position, with an extra pawn, well-placed pieces, and straightforward development.}) 15... Qa5+ 16. Bd2 Qc7 17. Bxa6 Rxa6 18. Qe2 Qa7 19. Nc4 (19. b3 $4 Nxe5 $19) 19... Rxa4 20. Rc1 Nf4 21. Bxf4 Rxf4 22. O-O Qb8 {[#] Putting pressure on the b2-pawn and threatening ...b5 resulting in a very uncomfortable pin.} 23. g3 {Removing the rook from the 4th-rank.} Rf8 (23... Nd4 24. Nxd4 Rxd4 {was possible but not dangerous for White.}) 24. Qe3 Rb4 25. Rc3 Nd4 26. Nfd2 (26. Nxd4 $4 cxd4 27. Qxd4 d5 $1 {winning the knight as the e-pawn is pinned.}) 26... Qa8 27. f4 Rfb8 28. Re1 Qd5 29. Qe4 {[#] Forcing a queen exchange as my king is weak. Also, removing the queens simpifies the position and makes it easier to play under time pressure.} Nb3 30. Nxb3 Rxb3 31. Rxb3 (31. Qc2 Rxc3 32. Qxc3 Rb4 33. b3 {was the easiest way to equalize for White.}) 31... Rxb3 32. Qxd5 exd5 33. Ne3 d4 34. Nc4 {[#]} Rb4 (34... Kf7 35. Rb1 Ke6 36. Nd2 Rd3 37. Nc4 Bf8 38. Kf2 Kd5 39. Nb6+ Kc6 40. Nc4 Kb5 41. Ke2 $17 {was something I calculated and feared as my pieces are uncoordinated and inactive, while Black's king and rook are very active.}) 35. Rc1 Bf8 36. Kf2 Rb3 {[#] Throughout the game, I felt uncomfortable with my position and under pressure, particularly as I believed my opponent was tactically sharper during this game. However, after Black's recent inaccuracies, I felt I had regained control and was confident I would not lose after successfully centralizing my king.} 37. Ke2 Kf7 38. Kd2 Ke6 39. Kc2 Rf3 40. Rd1 Kd5 41. Nb6+ Kc6 42. Nc4 Kb5 {Penny does not repeat.} 43. Rd3 $1 Rf2+ 44. Rd2 Rxd2+ 45. Nxd2 c4 46. b3 $1 c3 47. Nf3 {[#] From this point on, I was the only one with winning chances as Penny has to be very careful.} Bc5 (47... Kc5 $4 48. Kd3 $18) 48. Ng5 h6 49. Nf3 Kc6 50. Kd3 Kd5 51. Nh4 g5 52. Nf5 gxf4 53. gxf4 {[#]} c2 $1 {Not the only move possible, but definitely the simplest and most effective.} 54. Kxc2 Ke4 55. Nxh6 d3+ 56. Kd1 Kxf4 57. Nf7 Bb4 58. h3 Kf5 59. h4 Kg4 60. Ng5 Kxh4 61. Ne4 Kh5 62. Nf2 d2 63. Ne4 Kg6 {[#]} 64. Nf6 (64. Nxd2 $11 {but since I was not risking anything, I tried to keep some chances alive.}) 64... Kf5 65. Nxd7 Ke6 66. Nb8 Bc3 67. Na6 Kxe5 68. Nc5 Kd4 69. Na4 Bb4 70. Kc2 Ke3 {The game could have continued a bit longer, but the position was clearly drawn, and I did not believe either of us would make a losing mistake. We agreed to a draw despite my desire to win to maintain my lead and her attempts to create chances of her own. As a result, there was a three-way tie going into the final round between Yunshan Li, Svitlana Demchenko, and myself. We all won our last round, but I emerged as the national champion due to better tiebreaks.} 1/2-1/2

[Event "Open de Porticcio, Corsica"]
[Site "?"]
[Date "2024.06.30"]
[Round "3"]
[White "Lagarde, Maxime"]
[Black "Ouellet, Maili-Jade"]
[Result "1/2-1/2"]
[Annotator "Maili-Jade Ouellet"]
[WhiteElo "2604"]
[BlackElo "2290"]
[WhiteFideId "-1"]
[BlackFideId "-1"]
[PlyCount "174"]
[GameId "2062379963914380"]
[EventDate "2024.??.??"]
[SourceTitle "Chess Canada 25"]
[Source "JohnUpper?CFC"]
[SourceDate "2025.06.29"]
[SourceVersion "1"]
[SourceVersionDate "2026.07.01"]
[SourceQuality "1"]

{This was Round 3 of the Porticcio Open and the second round of the day. Given the limited time for preparation, I opted to play my main opening. Since I was fine with a draw, I did not feel the need to prepare extensively or worry about repetitions in the opening.} 1. e4 c5 2. Nf3 Nc6 3. Bb5 e6 4. O-O Nge7 5. Re1 a6 6. Bf1 d5 7. exd5 Nxd5 8. d4 Nf6 9. Be3 Be7 {[#] The c5-pawn cannot be won, as it runs into ...g4.} 10. c4 O-O 11. Nc3 cxd4 12. Nxd4 Ne5 13. h3 Bd7 {[#] Until now, the game has adhered to the mainline of the Rossolimo with 5...e6. Although the move 6... e5 followed by ...d7 has been played on a few occasions, it is not the most widely played continuation.} 14. c5 Qc8 $2 {Is inaccurate because it now becomes challenging to develop my pieces due to their poor coordination and the restricted space in my position.} (14... Rc8 15. b4 a5 16. a3 b6 17. Ba6 Ra8 18. Qe2 bxc5 19. bxc5 Qc7 $14 {was the best continuation.}) 15. Rc1 Rd8 16. b4 Nc6 17. Qb3 Nxd4 18. Bxd4 Bc6 19. Be5 Nd5 20. Ne4 Qd7 21. Bc4 f6 {[#]} 22. Bd6 (22. Bg3 {followed by d6 would have been slightly better, but it would have required more patience.}) 22... Bxd6 23. cxd6 (23. Nxd6 b5 24. Be2 a5 25. Rcd1 $16 {was better.}) {[#]} 23... b6 $2 (23... Kh8 24. Nc5 Qxd6 25. Rxe6 Qf4 $14 {was a better continuation.}) 24. Bxd5 (24. Qg3 Kh8 25. a3 $16 {was better.}) 24... Bxd5 25. Qg3 Qf7 26. Rc7 Qg6 27. Qxg6 hxg6 28. Nc3 Rxd6 29. Nxd5 exd5 30. Ree7 {[#]} Rad8 ({I considered this continuation:} 30... d4 31. Rxg7+ Kh8 32. Rh7+ Kg8 33. Rcg7+ Kf8 34. Rd7 Rxd7 35. Rxd7 {I failed to assess the position accurately:} a5 36. b5 Rc8 $11) 31. Rxg7+ Kh8 32. Kf1 $2 (32. Rxg6 d4 33. Rc4 Re8 34. Kf1 $18) 32... d4 33. Rxg6 d3 34. Rc4 Kh7 35. Rg3 Rd4 36. Rxd4 Rxd4 37. Ke1 d2+ 38. Kd1 Rxb4 39. Rb3 Rf4 40. f3 b5 41. Ra3 Rb4 {[#]} 42. g4 (42. Rxa6 $2 Rb1+ 43. Kxd2 Rb2+ 44. Ke3 Rxg2 $11) 42... Rb1+ $4 (42... Rd4 43. Rxa6 Kg7 $11 {even though Black is down a pawn and the remaining pawns are vulnerable to attack or potential capture by White's active pieces, the position is surprisingly balanced. Why? Because White lacks the ability to generate meaningful play, while Black can eventually neutralize the situation with moves like ...b4 followed by ...g6-g5, or even ...d3 or ...f4 to capture White's threatening pawns on the kingside.}) 43. Kxd2 Rh1 44. Rxa6 Kg7 45. Ke3 $8 Rxh3 {[#]Critical Position} 46. Ke4 $4 (46. Kf4 $8 {Puts Black in a hopeless position. White is ahead by a pawn, with much more active pieces. The f6 pawn will likely be captured soon.}) ({editor -} 46. Rb6 $2 Rh2 $8 47. a3 Ra2 48. Ra6 b4 $1 $11) 46... f5+ $3 {allowing Black to equalize objectively speaking by forcing either} 47. gxf5 ({or} 47. Kxf5 Rxf3+ $11) {The move f5+ was, in my opinion, the move of the game. I believe it showcases my understanding of rook endgames quite well. At this point, I did not have much time left, so I was trying to play as quickly as possible. The brilliance of f5 lies in the fact that it forces the kingside into one of two options: either two doubled f-pawns or a lone g-pawn. Both options are easily drawn if there are no other pawns. Of course, with the queenside pawns still on the board, reaching a draw becomes much more difficult, which is why there were blunders on both sides along the way. A fun fact: after the game, one of my friends, who was spectating, told me that another GM, who was sitting next to me while still playing his own game, had been observing the position. Based on his facial expression, it seemed he thought I would lose. However, when he saw me play f5+, his expression and posture changed, indicating that he realized it would not be so easy for White. I thought it was amusing and was happy to hear this little story. Of course, I did not see any of it myself, as I was fully focused on my own board.} 47... Rh2 48. a3 {[#]} Kf7 $4 {The Black rook is misplaced on h2. It should be positioned on the queenside to counter White's activity effectively.} (48... Ra2 {by positioning the rook on one of those three key squares, Black can hinder White's progress, either by threatening ...b4 to exchange the queenside pawns or by checking the white king.} 49. Ra7+ Kf6 50. Kf4 b4 $11) 49. f6 $2 (49. Ra5 $8 Rb2 50. Ke5 Re2+ 51. Kd4 Re8 52. Kc5 Re5+ 53. Kb6 Rxf5 54. Rxb5 $18) 49... Rh4+ 50. f4 Rh5 51. Kd4 Rf5 52. Ke3 Rc5 53. Ke4 Rh5 54. Ra5 Rc5 55. Kd4 Rc4+ 56. Kd5 {[#]} Rc3 ({both} 56... Kxf6 57. Rxb5 Ra4 58. Rb3 Rxf4 $11) ({and} 56... Rxf4 57. Rxb5 Rxf6 58. a4 Ke8 59. a5 Kd7 $11 {lead to a theoretical draw.}) 57. Ra6 Rc4 58. Ke5 Rc5+ 59. Ke4 Rc4+ 60. Kf5 Rc5+ 61. Kg4 Rd5 62. Ra5 Rd3 63. Kg5 Rd5+ 64. f5 {[#]Critical Position Active ...d3 or passive ...d7?} Rd3 $4 ({editor -} 64... Rd7 $8 $11 65. Rxb5 Ra7 $8 66. Rb3 (66. Rc5 Rxa3 67. Rc7+ Kf8 68. f7 (68. Kg6 Rg3+ $8 $11) 68... Ra6 69. f6 Rxf6 $11) 66... Ra4 $8 67. Rb7+ (67. Re3 Ra6 68. Re7+ Kf8 $8 69. Kg6 Rxa3 70. Rb7 Rg3+ $8 $11) 67... Kf8 $8 68. f7 Rxa3 69. Kg6 (69. f6 Rg3+ $11 {nowhere to hide.}) 69... Ra6+ 70. f6 Rxf6+ $1 $11) 65. Ra7+ Kf8 66. f7 Rd6 {[#]} 67. Rb7 ({After the game, we analyzed a bit, and my friend (an IM) and I "explained" to him that he should have played} 67. Ra5 {to force my rook to b6, which would have allowed him to win. The rook would be blocked by the b-pawn and unable to deliver back-rank checks to secure a draw; e.g.} Rb6 68. f6 Kxf7 69. Ra7+ Kf8 70. Kg6 $18) ({In fact, my friend and I were wrong. After} 67. Ra5 {...b6 would lose, but Black doesn't have to defend b5.} Kxf7 68. Rxb5 Ra6 $8 69. Rb7+ Kf8 {It's a theoretical draw, but actually getting that draw from here is far from trivial -- see my loss to Christopher Yoo earlier! Black still has to be very careful and will have a lot of work to do.}) 67... Ra6 {[#]Critical Position This one could be a study!} 68. Rxb5 $2 (68. a4 $3 $18 {A difficult move to find but also incredibly astonishing!!} bxa4 (68... Rxa4 69. Kg6 {followed by mate.}) 69. f6 a3 70. Kg6 Ra8 71. Rb1 a2 72. Rh1 a1=Q 73. Rh8# {White wins by one tempo!}) ({editor -} 68. Rc7 {also wins, but less spectacularly} Rxa3 69. Kg6 Rg3+ (69... Ra6+ 70. f6 Rxf6+ {is a standard drawing trick, but} 71. Kxf6 {there's no stalemate with Black's b-pawn free to move.}) (69... Ra8 70. f6 Rb8 71. Rc1 $18 {and h8# is coming.}) 70. Kf6 $18 {saved by the umbrella on f5... AND because of the b5: if the black pawn was on b4 then ...c3 would draw!}) 68... Rxa3 69. Rb8+ Kxf7 70. Rb7+ Kf8 71. Kg6 {[#]} Rf3 $1 {Black attains a position that, in theory, can be drawn using the Kling and Horwitz defense.} 72. Kf6 Kg8 $8 {Black should always move towards the short side in this situation.} (72... Ke8 $4 73. Rb8+ Kd7 74. Rf8 $18) 73. Rb8+ Kh7 74. Ke6 Kg7 75. Rb7+ Kf8 76. Rb5 Rf1 {Black can easily secure a draw by keeping the rook behind White's pawn.} 77. Kf6 Kg8 78. Rb2 Rf3 79. Rg2+ Kf8 80. Kg6 Ke7 81. Rg5 Kf8 82. Rh5 Kg8 83. Rh1 Ra3 84. Rb1 {[#]} Rg3+ $8 85. Kf6 Rf3 86. Rb8+ Kh7 87. Ke6 Kg7 {After a lengthy struggle and a highly complex rook endgame, the game concluded in a draw.   Interestingly, draw offers are not allowed in Corsica. The rule is designed to encourage fighting chess and discourage quick draws. A draw can only be claimed through three-fold repetition or the fifty-move rule. However, my opponent did not repeat the position three times, and we simply agreed to a draw. I believe, out of respect for my opponent, the organizers allowed it, as we had been playing for quite a long time by that point.   Overall, this game meant a lot to me. It was my first time drawing against a 2600+ player. Recently, I had lost three drawn rook endgames to players rated 2400, 2500, and 2600, despite studying these endgames and having a solid understanding of them. However, putting that knowledge into practice is another matter, which is why I am so happy to have managed to survive a losing rook endgame against such a strong opponent.} 1/2-1/2